000 00649nam a2200217Ii 4500
001 16500
003 CO-ViMGA
008 241108s9999||||xx |||||||||||||| ||und||
020 _a9789583034145
040 _aCO-ViMGA
_bspa
_erda
_cCO-ViMGA
041 0 _aunk
082 0 4 _a612.20 H28c
100 1 _aSally Hewitt
_951981
245 1 0 _aMi cuerpo
264 1 _a[Lugar de publicación no identificado] : Panamericana, [Fecha de publicación no identificada]
300 _avolumen
336 _atext
_btxt
_2rdacontent
337 _aunmediated
_bn
_2rdamedia
338 _avolume
_bnc
_2rdacarrier
940 _aidficha_siabuc: 16169. -- ficha_no_siabuc:16500
999 _c55172
_d55172